| 000 | 00894nam a2200301 a 4500 | ||
|---|---|---|---|
| 001 | 000110557 | ||
| 003 | CHAP | ||
| 005 | 20220329144138.0 | ||
| 008 | 140910s1985 mx a |r| |||1|||spa|d | ||
| 010 | _a107019 | ||
| 011 | _a107991 | ||
| 020 | _a9684331622 | ||
| 040 | _cCHAP | ||
| 082 | 0 | 4 |
_a615.53 _bK96 1985 |
| 100 | 1 |
_aKuhne, Luis. _9128358 |
|
| 245 | 1 | 0 |
_aSistema Kuhne tratado moderno de medicina naturista : _bla verdadera ciencia de curar / _cpor Luis Kuhne y Julian Navarro Richardson. |
| 250 | _a2 ed. | ||
| 260 | 3 |
_aMéxico, D.F. : _bPosada, _c1985. |
|
| 300 |
_a587 p. : _bil. |
||
| 590 |
_aBATCH-UPD _b05 _c20180720 _lUCH01 _h1126 |
||
| 590 |
_aE792CSJ _b05 _c20140910 _lUCH01 _h1118 |
||
| 650 | 1 | 4 |
_aNaturopatía. _9125058 |
| 650 | 1 | 4 |
_aTerapéutica fisiológica. _9112346 |
| 700 | 1 |
_aNavarro Richardson, Julian. _9128359 |
|
| 901 | _aBK | ||
| 942 | _cLIBRO | ||
| 942 | _n0 | ||
| 999 |
_c107019 _d107019 |
||